000
00290nam a22001217a 4500
020
_a
9781420076585
082
_a
660.63PAR
100
_a
Sheldon J.Park
245
_a
Protein Engineering & Design
260
_a
America
_b
CRC Press Taylor & Francis Group
_c
2010
300
_a
402
_b
HB
942
_c
BK
999
_c
23228
_d
23228